Most Guessed Countries & Capitals By Average Rank - Statistics

General Stats
  • This quiz has been taken 23 times
  • The average score is 19 of 20
Answer Stats
Avg. Country Capital % Correct
3 France Paris
100%
4.5 Russia Moscow
100%
19.5 Brazil Brasilia
96%
16.5 Canada Ottowa
96%
11 China Beijing
96%
7.5 Germany Berlin
96%
17.5 Greece Athens
96%
19 India New Delhi
96%
13 Ireland Dublin
96%
6.5 Italy Rome
96%
13 Japan Tokyo
96%
13 Mexico Mexico City
96%
18 Norway Oslo
96%
8.5 Spain Madrid
96%
23 Sweden Stockholm
96%
4.5 United Kingdom London
96%
4.5 United States Washington DC
96%
17.5 Portugal Lisbon
91%
24.5 Finland Helsinki
87%
21 Australia Canberra
83%
No matching quizzes found
Score Distribution
Percent of People with Each Score
Percentile by Number Answered
Your Score History
You have not taken this quiz